000 00433nam a2200169Ia 4500
008 230711s9999||||xx |||||||||||||| ||und||
041 _aENG
082 _a621.3
_bGO-C
100 _aGolten,Jack
245 0 _aControl system design and simulation
250 _a1st Ed.
260 _c1991
_aNew Delhi
_bTata McGraw Hill Education Limited
300 _a388
650 _aElectrical Engineering
700 _aVerwer,Andy
942 _cBK
999 _c3318
_d3318